|
|
|
|
| LEADER |
00000nam0a2200000 4500 |
| 001 |
120041 |
| 005 |
20231031124838.0 |
| 010 |
|
|
|a 5859714246
|
| 035 |
|
|
|a (RuTPU)RU\TPU\book\129964
|
| 090 |
|
|
|a 120041
|
| 100 |
|
|
|a 20070816d2007 m y0rusy50 ca
|
| 101 |
0 |
|
|a rus
|
| 102 |
|
|
|a RU
|
| 105 |
|
|
|a y j 001zy
|
| 200 |
1 |
|
|a Комплексный экономический анализ хозяйственной деятельности
|e учебное пособие
|f А. И. Алексеева [и др.]
|
| 210 |
|
|
|a Москва
|c КноРус
|d 2007
|
| 215 |
|
|
|a 672 с.
|
| 320 |
|
|
|a Литература: с. 660-666.
|
| 330 |
|
|
|a Изложены теоретические и практические средства и методы экономического и финансового анализа хозяйственной деятельности, позволяющие повысить эффективность и результативность экономической и финансовой деятельности организаций. Особое внимание уделено организации аналитической работы, планированию деятельности коммерческих организаций, анализу в системе маркетинга и работы с ценными бумагами, инвестиционному анализу, оценке экономического потенциала и бизнеса. Приведены аналитические методики, позволяющие повысить эффективность экономического и финансового анализа и учитывающие современную ориентацию на международные стандарты бухгалтерского учета. Для студентов, обучающихся по экономическим специальностям, аспирантов, преподавателей, работников экономических служб коммерческих организаций.
|
| 451 |
|
1 |
|0 (RuTPU)RU\TPU\book\163064
|y 978-5-390-00133-2
|t Комплексный экономический анализ хозяйственной деятельности
|o учебное пособие
|f А. И. Алексеева [и др.]
|e 2-е изд., перераб. и доп.
|c М.
|n КноРус
|d 2009
|p 688 с.
|
| 610 |
1 |
|
|a экономика
|
| 610 |
1 |
|
|a экономический анализ
|
| 610 |
1 |
|
|a комплексный анализ
|
| 610 |
1 |
|
|a методология
|
| 610 |
1 |
|
|a планирование
|
| 610 |
1 |
|
|a бизнес-планы
|
| 610 |
1 |
|
|a сметное планирование
|
| 610 |
1 |
|
|a бюджетирование
|
| 610 |
1 |
|
|a бюджеты
|
| 610 |
1 |
|
|a маркетинговый анализ
|
| 610 |
1 |
|
|a производство
|
| 610 |
1 |
|
|a продажи
|
| 610 |
1 |
|
|a качество
|
| 610 |
1 |
|
|a обновление
|
| 610 |
1 |
|
|a ритмичность
|
| 610 |
1 |
|
|a сбыт
|
| 610 |
1 |
|
|a организации производства
|
| 610 |
1 |
|
|a труд
|
| 610 |
1 |
|
|a основные средства
|
| 610 |
1 |
|
|a трудовые ресурсы
|
| 610 |
1 |
|
|a материальные ресурсы
|
| 610 |
1 |
|
|a затраты
|
| 610 |
1 |
|
|a себестоимость
|
| 610 |
1 |
|
|a финансовый анализ
|
| 610 |
1 |
|
|a оборотные активы
|
| 610 |
1 |
|
|a финансовое состояние
|
| 610 |
1 |
|
|a ликвидность
|
| 610 |
1 |
|
|a платежеспособность
|
| 610 |
1 |
|
|a финансовая устойчивость
|
| 610 |
1 |
|
|a финансовые вложения
|
| 610 |
1 |
|
|a экономический потенциал
|
| 610 |
1 |
|
|a бизнес
|
| 610 |
1 |
|
|a рынок ценных бумаг
|
| 610 |
1 |
|
|a учебные пособия
|
| 686 |
|
|
|a У053я73
|v LBC/SL-A
|2 rubbk
|
| 701 |
|
1 |
|a Алексеева
|b А. И.
|g Алла Илларионовна
|
| 701 |
|
1 |
|a Васильев
|b Ю. В.
|g Юрий Викторович
|
| 701 |
|
1 |
|a Малеева
|b А. В.
|g Анна Викторовна
|
| 701 |
|
1 |
|a Ушвицкий
|b Л. И.
|g Лев Исакович
|
| 801 |
|
1 |
|a RU
|b 63413507
|c 20070816
|g PSBO
|
| 801 |
|
2 |
|a RU
|b 63413507
|c 20170906
|g PSBO
|
| 900 |
|
|
|a Анализ и диагностика финансово-хозяйственной деятельности предприятия
|
| 900 |
|
|
|a Экономический анализ
|
| 942 |
|
|
|c BK
|
| 951 |
|
|
|b 080109
|b 080105
|b 080107
|
| 959 |
|
|
|a 48/20070816
|d 2
|e 250,00
|f АНЛ:1
|f ЧЗГЛ:1
|